Chapter 1 Introduction (Record no. 9320)

MARC details
000 -LEADER
fixed length control field 00709nam a2200121Ia 4500
008 - FIXED-LENGTH DATA ELEMENTS--GENERAL INFORMATION
fixed length control field 220615s9999||||xx |||||||||||||| ||und||
100 ## - MAIN ENTRY--PERSONAL NAME
Personal name Fujita, Koji||Boeckx, Cedric
245 #0 - TITLE STATEMENT
Title Chapter 1 Introduction
Remainder of title The biolinguistic program: a new beginning
546 ## - LANGUAGE NOTE
Language note English[eng]
650 ## - SUBJECT ADDED ENTRY--TOPICAL TERM
Topical term or geographic name entry element Behavioral Sciences, Psychological Science, Biopsychology, Cognitive Psychology, Evolutionary Psychology, Neuropsychology, Language & Literature, Language & Linguistics, Linguistics, Cognitive Linguistics, Theoretical Linguistics, Psycholinguistics, Bioscience, Biology, Genetics, Human Biology, Neuroscience
856 ## - ELECTRONIC LOCATION AND ACCESS
Uniform Resource Identifier <a href="https://library.oapen.org/bitstream/20.500.12657/37326/1/9781138891722_OAChapter1.pdf">https://library.oapen.org/bitstream/20.500.12657/37326/1/9781138891722_OAChapter1.pdf</a>
942 ## - ADDED ENTRY ELEMENTS (KOHA)
Koha item type E-Books
Holdings
Withdrawn status Lost status Damaged status Not for loan Home library Current library Date acquired Total Checkouts Date last seen Price effective from Koha item type
        Kerala University of Digital Sciences, Innovation and Technology Knowledge Centre Kerala University of Digital Sciences, Innovation and Technology Knowledge Centre 15/06/2022   15/06/2022 15/06/2022 E-Books